[Event "Play for Durgesh Fundraiser Blitz"]
[Site "Vishy Anand Arena"]
[Date "2020.09.19"]
[Round "6"]
[White "Harry Grieve"]
[Black "srujankeerthan2005"]
[Result "1-0"]
[WhiteElo "1971"]
[BlackElo "1887"]
[Annotator "NA"]
[PlyCount "127"]
[EventDate "2020.09.19"]
[EventType "swiss (blitz)"]

1. e4 c5 2. Nf3 Nc6 3. d4 cxd4 4. Nxd4 Nf6 5. Nc3 e5 6. Ndb5 d6 7. Bg5 a6 8. Na3 b5 9. Nd5 Be7 10. Bxf6 Bxf6 11. c3 Bg5 12. Nc2 O-O 13. a4 bxa4 14. Rxa4 a5 15. Bc4 Rb8 16. b3 Kh8 17. h4 Bh6 18. Nce3 g6 19. h5 Kg7 20. hxg6 hxg6 21. Qf3 Be6 22. g4 Rh8 23. Ke2 Bg5 24. Raa1 Qd7 25. Rag1 Rxh1 26. Rxh1 Bxe3 27. Qxe3 Bxg4+ 28. f3 Bh5 29. Qg5 Rh8 30. Nf6 Qe7 31. Rxh5 Rxh5 32. Nxh5+ Kf8 33. Qxe7+ Kxe7 34. Ng3 Kf6 35. Ke3 a4 36. bxa4 Na5 37. Bd5 Ke7 38. Ne2 f5 39. Nc1 Kf6 40. Nb3 f4+ 41. Kd2 Nxb3+ 42. Bxb3 Ke7 43. a5 Kd8 44. Bd5 Kc7 45. Ke2 g5 46. Kf2 Kb8 47. Kg2 Ka7 48. Bc4 Kb7 49. Bb5 g4 50. fxg4 Kc7 51. g5 d5 52. exd5 e4 53. g6 Kd6 54. g7 Ke5 55. g8=Q f3+ 56. Kf2 Kf4 57. Qf7+ Kg4 58. d6 e3+ 59. Kxe3 f2 60. Qxf2 Kg5 61. d7 Kh5 62. d8=Q Kg6 63. Qg8+ Kh5 64. Qh2# 1-0

[Event "Play for Durgesh Fundraiser Blitz"]
[Site "Vishy Anand Arena"]
[Date "2020.09.19"]
[Round "6"]
[White "Ccc2016"]
[Black "Rosh161011"]
[Result "1-0"]
[WhiteElo "1956"]
[BlackElo "1711"]
[Annotator "NA"]
[PlyCount "41"]
[EventDate "2020.09.19"]
[EventType "swiss (blitz)"]

1. e4 e6 2. d4 d5 3. Nc3 Nf6 4. Bg5 Bb4 5. e5 h6 6. Bd2 Bxc3 7. bxc3 Ne4 8. Bd3 Nxd2 9. Qxd2 c5 10. f4 Nc6 11. Nf3 cxd4 12. cxd4 O-O 13. O-O b6 14. Kh1 Bb7 15. c3 Rc8 16. f5 Na5 17. f6 g5 18. Nxg5 Kh8 19. Nxe6 fxe6 20. Qxh6+ Kg8 21. Qg7# 1-0

[Event "Play for Durgesh Fundraiser Blitz"]
[Site "Vishy Anand Arena"]
[Date "2020.09.19"]
[Round "6"]
[White "Junosource"]
[Black "Shriya R"]
[Result "1-0"]
[WhiteElo "1954"]
[BlackElo "1871"]
[Annotator "NA"]
[PlyCount "53"]
[EventDate "2020.09.19"]
[EventType "swiss (blitz)"]

1. d4 Nf6 2. c4 e6 3. Nc3 Bb4 4. g3 O-O 5. Bg2 d5 6. Nf3 b6 7. O-O Bb7 8. Ne5 Be7 9. Qa4 c5 10. dxc5 bxc5 11. Rd1 Nbd7 12. Nxd7 Nxd7 13. cxd5 Nb6 14. Qb3 exd5 15. Nxd5 c4 16. Nxe7+ Qxe7 17. Qe3 Qxe3 18. Bxe3 Bxg2 19. Kxg2 Rab8 20. Rac1 Na4 21. Bxa7 Rxb2 22. Rxc4 Rxa2 23. Rd7 h6 24. e4 Ra8 25. Rcc7 Rf8 26. Bd4 Nb2 27. Bc5 1-0

[Event "Play for Durgesh Fundraiser Blitz"]
[Site "Vishy Anand Arena"]
[Date "2020.09.19"]
[Round "6"]
[White "Suyash45"]
[Black "Rosh161011"]
[Result "1-0"]
[WhiteElo "1948"]
[BlackElo "1705"]
[Annotator "NA"]
[PlyCount "111"]
[EventDate "2020.09.19"]
[EventType "swiss (blitz)"]

1. e4 e5 2. Nf3 d6 3. d4 Nc6 4. Nc3 exd4 5. Nxd4 Nxd4 6. Qxd4 Qf6 7. Qxf6 Nxf6 8. Bg5 Be6 9. O-O-O O-O-O 10. Nd5 Bxd5 11. exd5 Be7 12. h4 h6 13. Be3 Ng4 14. Bxa7 b6 15. Ba6+ Kd7 16. Bb5+ c6 17. Bxc6+ Kc7 18. Rde1 Ne5 19. Rh3 Nxc6 20. dxc6 Bf6 21. Rb3 Bd4 22. Re7+ Kxc6 23. Rxf7 Rc8 24. c3 Rhf8 25. Rxf8 Rxf8 26. cxd4 b5 27. d5+ Kxd5 28. Rxb5+ Kc4 29. Rb3 Ra8 30. Rc3+ Kb4 31. Bd4 g5 32. hxg5 hxg5 33. a3+ Kb5 34. Kc2 Rf8 35. Kb3 Rf4 36. a4+ Ka5 37. Be3 Rb4+ 38. Ka3 Rxa4+ 39. Kb3 Rb4+ 40. Kc2 Re4 41. Bxg5 Re5 42. Bd2 Kb6 43. f4 Rf5 44. g4 Rf8 45. f5 d5 46. f6 Rxf6 47. g5 Rg6 48. Rg3 d4 49. Kd3 Kc5 50. b4+ Kd5 51. Rg4 Ke5 52. Rxd4 Kf5 53. Rd5+ Kg4 54. Ke4 Re6+ 55. Re5 Rb6 56. b5 1-0

[Event "Play for Durgesh Fundraiser Blitz"]
[Site "Vishy Anand Arena"]
[Date "2020.09.19"]
[Round "6"]
[White "Garvgaur1008"]
[Black "LAXMAN"]
[Result "0-1"]
[WhiteElo "1941"]
[BlackElo "2413"]
[Annotator "NA"]
[PlyCount "98"]
[EventDate "2020.09.19"]
[EventType "swiss (blitz)"]

1. d4 Nf6 2. Nf3 e6 3. c4 d5 4. g3 Bb4+ 5. Bd2 Be7 6. Bg2 O-O 7. O-O c6 8. Qc2 a5 9. Bf4 Nh5 10. Be3 f5 11. Bc1 b5 12. c5 b4 13. Ne5 Nf6 14. a3 bxa3 15. Rxa3 Nfd7 16. Nxd7 Nxd7 17. Bd2 e5 18. dxe5 Nxe5 19. Bf4 Nc4 20. Rd3 g5 21. b3 gxf4 22. bxc4 d4 23. Bxc6 Ra6 24. Bd5+ Kh8 25. Rxd4 fxg3 26. hxg3 Bxc5 27. Rh4 Rg6 28. Qb2+ Qf6 29. Qxf6+ Rfxf6 30. Kg2 f4 31. Be4 Rg7 32. Rd1 fxg3 33. fxg3 Rf2+ 34. Kh1 Be6 35. Bf3 Rxg3 36. Rd8+ Kg7 37. Rd1 a4 38. Nc3 Rfxf3 39. exf3 Rxf3 40. Ne4 Be7 41. Rg1+ Kh8 42. Rh2 Bd7 43. Rf2 Re3 44. Nf6 Bc6+ 45. Kh2 Bd6+ 46. Rg3 Bxg3+ 47. Kg1 Bxf2+ 48. Kxf2 Rf3+ 49. Ke2 Rxf6 0-1

[Event "Play for Durgesh Fundraiser Blitz"]
[Site "Vishy Anand Arena"]
[Date "2020.09.19"]
[Round "6"]
[White "Furace"]
[Black "Srikant Nayak"]
[Result "1-0"]
[WhiteElo "1940"]
[BlackElo "1658"]
[PlyCount "67"]
[EventDate "2020.09.19"]
[EventType "swiss (blitz)"]

1. e4 g6 2. d4 d6 3. Nc3 Bg7 4. h3 Nf6 5. Be3 O-O 6. Nf3 Nc6 7. Bb5 a6 8. Bxc6 bxc6 9. Qd2 Nd7 10. Bh6 Re8 11. Bxg7 Kxg7 12. h4 e5 13. h5 Rh8 14. h6+ Kg8 15. dxe5 Nc5 16. O-O-O Bg4 17. exd6 cxd6 18. Qd4 Ne6 19. Qxd6 Qb6 20. Nd5 Qd8 21. Ne7+ Kf8 22. Nxg6+ Kg8 23. Qxd8+ Rxd8 24. Nxh8 Kxh8 25. Rxd8+ Nxd8 26. Rd1 Ne6 27. Rd6 Bxf3 28. gxf3 Kg8 29. Rxc6 Kf8 30. Rxe6 fxe6 31. c4 Kf7 32. b4 Kg6 33. c5 Kxh6 34. c6 1-0

[Event "Play for Durgesh Fundraiser Blitz"]
[Site "Vishy Anand Arena"]
[Date "2020.09.19"]
[Round "6"]
[White "Advait30"]
[Black "Aarav810"]
[Result "1-0"]
[WhiteElo "1922"]
[BlackElo "1571"]
[Annotator "NA"]
[PlyCount "85"]
[EventDate "2020.09.19"]
[EventType "swiss (blitz)"]

1. e4 e5 2. Nf3 Nc6 3. d4 exd4 4. Nxd4 Nf6 5. Nxc6 dxc6 6. Qxd8+ Kxd8 7. Bd3 Be7 8. O-O Be6 9. h3 Kd7 10. e5 Nd5 11. a3 Rad8 12. c4 Nb6 13. b3 Kc8 14. Be2 f6 15. Bb2 fxe5 16. Bxe5 Bf6 17. Bxf6 gxf6 18. Nc3 Rhg8 19. Kh2 Rg7 20. Rad1 Rdg8 21. g3 Rg6 22. Rfe1 Rh6 23. h4 Bd7 24. Bf3 f5 25. Re7 f4 26. c5 fxg3+ 27. fxg3 Nd5 28. Nxd5 cxd5 29. Bxd5 Bc6 30. Bxg8 b6 31. Be6+ Kb7 32. cxb6 axb6 33. Bh3 Rh5 34. Bg2 Bxg2 35. Kxg2 Ra5 36. Rc1 Rxa3 37. Rcxc7+ Kb8 38. Rcd7 Kc8 39. Ra7 Kb8 40. Rxa3 b5 41. Raa7 b4 42. Rxh7 Kc8 43. Ra8# 1-0

[Event "Play for Durgesh Fundraiser Blitz"]
[Site "Vishy Anand Arena"]
[Date "2020.09.19"]
[Round "6"]
[White "Advait30"]
[Black "Warriorniko"]
[Result "1-0"]
[WhiteElo "1920"]
[BlackElo "1483"]
[Annotator "NA"]
[PlyCount "73"]
[EventDate "2020.09.19"]
[EventType "swiss (blitz)"]

1. e4 e5 2. Nf3 Nf6 3. Nxe5 Nc6 4. Nxc6 dxc6 5. Nc3 Bc5 6. Bc4 O-O 7. O-O Be6 8. Bb3 Re8 9. d3 h6 10. Qf3 Bg4 11. Qg3 Bd6 12. f4 Bc5+ 13. Kh1 Be6 14. f5 Bxb3 15. axb3 Bd4 16. Bxh6 Nh5 17. Qg4 Qf6 18. Bg5 Qe5 19. Qxh5 g6 20. Qh6 Qg7 21. Qh4 f6 22. Bh6 Qh7 23. fxg6 Qxg6 24. Rf3 Kf7 25. Rg3 Qh7 26. Rg7+ Qxg7 27. Bxg7 Kxg7 28. Qg4+ Kf7 29. Qh5+ Ke7 30. h3 Rh8 31. Qf3 Rh7 32. Rf1 Rf8 33. Ne2 Be5 34. d4 Bd6 35. e5 fxe5 36. Qxf8+ Ke6 37. Qf5+ 1-0

[Event "Play for Durgesh Fundraiser Blitz"]
[Site "Vishy Anand Arena"]
[Date "2020.09.19"]
[Round "6"]
[White "MMT2007"]
[Black "STRANGE"]
[Result "0-1"]
[WhiteElo "1910"]
[BlackElo "2420"]
[Annotator "NA"]
[PlyCount "62"]
[EventDate "2020.09.19"]
[EventType "swiss (blitz)"]

1. d4 d5 2. c4 e6 3. Nc3 c6 4. Nf3 dxc4 5. e3 b5 6. a4 Bb4 7. axb5 cxb5 8. Bd2 Bxc3 9. Bxc3 Bb7 10. Be2 a6 11. O-O Nf6 12. Ne5 O-O 13. Bf3 Nd5 14. Re1 Nd7 15. Nxd7 Qxd7 16. e4 Nf4 17. e5 Nd3 18. Re3 Bxf3 19. Qxf3 b4 20. Be1 Qxd4 21. Rd1 Rad8 22. Qg3 Qxb2 23. h4 Qc2 24. Rd2 Qc1 25. Rde2 b3 26. Qg4 b2 27. Rg3 g6 28. Rxb2 Qxe1+ 29. Kh2 Nxb2 30. h5 Rd1 31. Rh3 Qxe5+ 0-1

[Event "Play for Durgesh Fundraiser Blitz"]
[Site "Vishy Anand Arena"]
[Date "2020.09.19"]
[Round "6"]
[White "knowledge_gm"]
[Black "Samudragupta"]
[Result "0-1"]
[WhiteElo "1900"]
[BlackElo "2362"]
[PlyCount "72"]
[EventDate "2020.09.19"]
[EventType "swiss (blitz)"]

1. e4 Nc6 2. d4 e5 3. d5 Nce7 4. c4 Ng6 5. Nf3 Nf6 6. Nc3 Bc5 7. a3 Ng4 8. Be3 Nxe3 9. fxe3 Bxe3 10. Qe2 Bh6 11. g3 d6 12. Bg2 O-O 13. O-O f5 14. exf5 Bxf5 15. Nd2 Qd7 16. Nde4 Bg4 17. Qd3 Ne7 18. Ne2 Nf5 19. h3 Bxe2 20. Qxe2 Be3+ 21. Kh2 Bd4 22. g4 Nh4 23. Kg3 Ng6 24. Ng5 Nf4 25. Qe4 g6 26. Rf3 Qe7 27. h4 Rf6 28. Raf1 Raf8 29. h5 Bb6 30. hxg6 Rxg6 31. Nh3 Qg7 32. Nxf4 Rxg4+ 33. Kh2 exf4 34. Rxf4 Rgxf4 35. Rxf4 Rxf4 36. Qxf4 Bd4 0-1

[Event "Play for Durgesh Fundraiser Blitz"]
[Site "Vishy Anand Arena"]
[Date "2020.09.19"]
[Round "6"]
[White "Shubh_2007"]
[Black "mightyqueen"]
[Result "1-0"]
[WhiteElo "1897"]
[BlackElo "1746"]
[Annotator "NA"]
[PlyCount "103"]
[EventDate "2020.09.19"]
[EventType "swiss (blitz)"]

1. e4 e5 2. Nf3 Nc6 3. Bc4 Nf6 4. d3 Be7 5. O-O d6 6. Re1 Bg4 7. Nbd2 O-O 8. h3 Bh5 9. a4 Nd4 10. c3 Nxf3+ 11. Nxf3 Qd7 12. d4 exd4 13. cxd4 Rfe8 14. Bg5 Nxe4 15. Rxe4 Bxg5 16. Rxe8+ Rxe8 17. Qd3 Bg6 18. Qc3 d5 19. Bd3 Be4 20. Ne5 Qd6 21. Bxe4 dxe4 22. Re1 h6 23. Rxe4 Qd5 24. Re1 c6 25. Nf3 Rxe1+ 26. Qxe1 Bf6 27. Qe8+ Kh7 28. Qe3 Qa2 29. b3 Qa3 30. Ne5 Bxe5 31. dxe5 Qa1+ 32. Kh2 Kg6 33. Qe4+ f5 34. exf6+ Kxf6 35. Qf4+ Ke6 36. Qg4+ Kf7 37. Qd7+ Kg6 38. Qxb7 Qe5+ 39. g3 Qc5 40. Kg1 Qc1+ 41. Kg2 Qc5 42. Qd7 Qd5+ 43. Qxd5 cxd5 44. Kf3 Kf5 45. Ke3 Ke5 46. f4+ Kd6 47. Kd4 a5 48. g4 g6 49. f5 gxf5 50. gxf5 h5 51. h4 Kd7 52. Kxd5 1-0

[Event "Play for Durgesh Fundraiser Blitz"]
[Site "Vishy Anand Arena"]
[Date "2020.09.19"]
[Round "6"]
[White "Ramul"]
[Black "Ashutosh Agrawal"]
[Result "1-0"]
[WhiteElo "1888"]
[BlackElo "1736"]
[Annotator "NA"]
[PlyCount "53"]
[EventDate "2020.09.19"]
[EventType "swiss (blitz)"]

1. e4 c5 2. Nf3 d6 3. d4 cxd4 4. Nxd4 Nf6 5. Nc3 e6 6. Be3 Be7 7. f3 O-O 8. Be2 Nc6 9. Qd2 e5 10. Nf5 Bxf5 11. exf5 a6 12. O-O-O Qc7 13. g4 Ne8 14. g5 f6 15. Nd5 Qd7 16. Nb6 Qd8 17. Nxa8 Qxa8 18. g6 h6 19. Bxh6 a5 20. Be3 a4 21. h4 Nc7 22. h5 d5 23. h6 d4 24. Bc4+ Kh8 25. hxg7+ Kxg7 26. Bh6+ Kh8 27. Bxf8# 1-0

[Event "Play for Durgesh Fundraiser Blitz"]
[Site "Vishy Anand Arena"]
[Date "2020.09.19"]
[Round "6"]
[White "Atri Chattopadhyay"]
[Black "aaronreeve"]
[Result "1-0"]
[WhiteElo "1883"]
[BlackElo "1892"]
[Annotator "NA"]
[PlyCount "107"]
[EventDate "2020.09.19"]
[EventType "swiss (blitz)"]

1. e4 e5 2. Nf3 Nf6 3. Nxe5 d6 4. Nf3 Nxe4 5. Nc3 Nxc3 6. dxc3 Be7 7. Bd3 O-O 8. Be3 h6 9. Qd2 Re8 10. O-O-O Bg4 11. Bxh6 Bxf3 12. gxf3 gxh6 13. Rhg1+ Bg5 14. h4 Kf8 15. hxg5 hxg5 16. Rxg5 Nc6 17. Rdg1 Ne5 18. Bf5 Qf6 19. f4 Nf3 20. Rg8+ Ke7 21. Qe3+ Ne5 22. Rxe8+ Rxe8 23. Bh3 Kd8 24. fxe5 dxe5 25. Qg5 Ke7 26. Qxf6+ Kxf6 27. Kd2 c6 28. Rg3 Rh8 29. Ke3 Rh5 30. Bg4 Rg5 31. Bc8 b6 32. Rxg5 Kxg5 33. Ke4 f6 34. f3 c5 35. a4 a5 36. Bb7 Kh4 37. Kd5 Kg3 38. Ke6 b5 39. axb5 a4 40. Kxf6 Kf2 41. Kxe5 Ke2 42. Be4 Kd2 43. b6 Kc1 44. b7 a3 45. bxa3 Kd2 46. b8=Q Kc1 47. a4 c4 48. a5 Kd2 49. a6 Kc1 50. Qd6 Kb2 51. a7 Kc1 52. a8=Q Kb1 53. Qa4 Kc1 54. Qa1# 1-0

[Event "Play for Durgesh Fundraiser Blitz"]
[Site "Vishy Anand Arena"]
[Date "2020.09.19"]
[Round "6"]
[White "aanjaneya"]
[Black "kaushikr98"]
[Result "1-0"]
[WhiteElo "1881"]
[BlackElo "1792"]
[Annotator "NA"]
[PlyCount "123"]
[EventDate "2020.09.19"]
[EventType "swiss (blitz)"]

1. e4 c5 2. Nf3 a6 3. d4 cxd4 4. Nxd4 d5 5. exd5 Qxd5 6. Nc3 Qd8 7. Bd3 Nf6 8. O-O e6 9. Be3 Be7 10. Qf3 O-O 11. Rad1 Qa5 12. Nb3 Qh5 13. Qg3 Qg4 14. Qxg4 Nxg4 15. Bb6 Nd7 16. Na4 Bd8 17. Bxd8 Rxd8 18. Nbc5 b5 19. Nxd7 Bxd7 20. Nb6 Ra7 21. Be4 f5 22. Bc6 Nf6 23. Rd2 Rc7 24. Bxd7 Nxd7 25. Rfd1 Nxb6 26. Rxd8+ Kf7 27. b3 Rxc2 28. R8d6 Nd5 29. Rxa6 Nc3 30. Ra1 h6 31. h3 g5 32. a4 Rb2 33. axb5 Rxb3 34. b6 Nd5 35. Ra7+ Kf6 36. b7 Nc3 37. R7a3 Ne2+ 38. Kf1 Rb2 39. R3a2 Rxb7 40. Rxe2 f4 41. Ra6 Re7 42. f3 h5 43. Kf2 Kf5 44. Ra5+ e5 45. g4+ fxg3+ 46. Kxg3 h4+ 47. Kf2 Kf4 48. Re4+ Kf5 49. Rb4 Re6 50. Ra8 Rd6 51. Rf8+ Ke6 52. Rg4 Ke7 53. Rf5 Rd2+ 54. Ke3 Ra2 55. Rxe5+ Kd6 56. Rgxg5 Ra3+ 57. Kf4 Ra4+ 58. Re4 Ra3 59. Rh5 Ra1 60. Rxh4 Kc7 61. Rh6 Rf1 62. Re7+ 1-0

[Event "Play for Durgesh Fundraiser Blitz"]
[Site "Vishy Anand Arena"]
[Date "2020.09.19"]
[Round "6"]
[White "Shubh_2007"]
[Black "fluffyfly"]
[Result "1-0"]
[WhiteElo "1869"]
[BlackElo "1690"]
[Annotator "NA"]
[PlyCount "65"]
[EventDate "2020.09.19"]
[EventType "swiss (blitz)"]

1. e4 c5 2. Nf3 d6 3. Bb5+ Bd7 4. Bxd7+ Nxd7 5. O-O Ngf6 6. Qe2 g6 7. c3 Bg7 8. d4 cxd4 9. cxd4 O-O 10. Nc3 Qb6 11. b3 Rac8 12. Bb2 e5 13. Rad1 exd4 14. Nxd4 Ne5 15. Rfe1 Qb4 16. a3 Qa5 17. b4 Qb6 18. Ndb5 Nc4 19. Bc1 a6 20. Nd4 Nd7 21. Nd5 Qa7 22. Nf3 b5 23. Bf4 Ndb6 24. Nxb6 Qxb6 25. Rd5 Ne5 26. Red1 Rfe8 27. Rxd6 Qxd6 28. Rxd6 Nxf3+ 29. Qxf3 Rc1+ 30. Bxc1 Be5 31. Rd7 Bb8 32. Qxf7+ Kh8 33. Qg7# 1-0

[Event "Play for Durgesh Fundraiser Blitz"]
[Site "Vishy Anand Arena"]
[Date "2020.09.19"]
[Round "6"]
[White "Nihelesh"]
[Black "Kingofall"]
[Result "0-1"]
[WhiteElo "1868"]
[BlackElo "1938"]
[PlyCount "88"]
[EventDate "2020.09.19"]
[EventType "swiss (blitz)"]

1. b3 e5 2. Bb2 d6 3. e3 Nc6 4. e4 Nf6 5. Nc3 g6 6. Nf3 Bg7 7. Bc4 O-O 8. O-O Bg4 9. h3 Bxf3 10. Qxf3 Nd4 11. Qd3 Nd7 12. Ne2 Nc5 13. Qf3 Nxf3+ 14. gxf3 c6 15. Kh1 b5 16. Bd3 Nxd3 17. cxd3 b4 18. d4 exd4 19. Bxd4 c5 20. Bxg7 Kxg7 21. d4 Qf6 22. Kg2 cxd4 23. Rfd1 d5 24. Rxd4 dxe4 25. fxe4 Rfd8 26. Rad1 Rxd4 27. Rxd4 a5 28. f3 Rd8 29. Rxd8 Qxd8 30. Kf2 Qd2 31. h4 Qxa2 32. h5 Qxb3 33. hxg6 hxg6 34. f4 a4 35. f5 gxf5 36. exf5 a3 37. f6+ Kxf6 38. Kg2 a2 39. Nd4 Qb2+ 40. Kf3 Qxd4 41. Ke2 a1=Q 42. Kf3 Qac3+ 43. Ke2 Qdd2+ 44. Kf1 Qcc1# 0-1

[Event "Play for Durgesh Fundraiser Blitz"]
[Site "Vishy Anand Arena"]
[Date "2020.09.19"]
[Round "6"]
[White "neshaqn"]
[Black "Legacyplayer"]
[Result "1-0"]
[WhiteElo "1866"]
[BlackElo "1981"]
[Annotator "NA"]
[PlyCount "47"]
[EventDate "2020.09.19"]
[EventType "swiss (blitz)"]

1. d4 d5 2. c4 e6 3. Nf3 Nf6 4. Nc3 Be7 5. cxd5 exd5 6. Bg5 c6 7. Qc2 Nbd7 8. e3 O-O 9. Bd3 Re8 10. O-O Nf8 11. Bh4 g6 12. Bg3 Ne6 13. Rab1 b5 14. Ne2 Bb7 15. b4 a5 16. bxa5 Qxa5 17. Ne5 Rec8 18. Ra1 c5 19. dxc5 Bxc5 20. Qb2 b4 21. Nxg6 h6 22. Qxf6 fxg6 23. Qxe6+ Kf8 24. Bxg6 1-0

[Event "Play for Durgesh Fundraiser Blitz"]
[Site "Vishy Anand Arena"]
[Date "2020.09.19"]
[Round "6"]
[White "Kushal Jani"]
[Black "Namitbir Singh"]
[Result "0-1"]
[WhiteElo "1859"]
[BlackElo "1853"]
[Annotator "NA"]
[PlyCount "112"]
[EventDate "2020.09.19"]
[EventType "swiss (blitz)"]

1. Nf3 d5 2. g3 Nf6 3. Bg2 c5 4. O-O Nc6 5. d3 e6 6. Nbd2 Be7 7. e4 O-O 8. Re1 Qc7 9. Nf1 Rd8 10. Qe2 dxe4 11. dxe4 b6 12. Bf4 e5 13. Bg5 Bg4 14. c3 h6 15. Bxf6 Bxf6 16. Ne3 Be6 17. Nd2 Ne7 18. Nf5 Rd7 19. Nxe7+ Bxe7 20. Nc4 Rad8 21. Bf3 b5 22. Ne3 a6 23. Nd5 Qb8 24. Rad1 c4 25. h4 Bc5 26. Kg2 Qa7 27. b4 cxb3 28. axb3 Rd6 29. b4 Bb6 30. Bg4 Bxd5 31. exd5 Rxd5 32. Rxd5 Rxd5 33. Rd1 Rxd1 34. Qxd1 g6 35. h5 Qb7+ 36. Bf3 e4 37. Bg4 Qc6 38. hxg6 Qxg6 39. Qd7 Qf6 40. Qc8+ Kg7 41. Bf5 e3 42. fxe3 Bxe3 43. Qd7 Bb6 44. Qd5 Qxc3 45. Kh3 Qf6 46. Qf3 Qg5 47. Qg4 Bc7 48. Qxg5+ hxg5 49. Kg4 f6 50. Bc8 a5 51. bxa5 Bxa5 52. Bd7 b4 53. Ba4 Bb6 54. Bb3 Bd4 55. Kf5 Bc3 56. g4 Kf8 0-1

[Event "Play for Durgesh Fundraiser Blitz"]
[Site "Vishy Anand Arena"]
[Date "2020.09.19"]
[Round "6"]
[White "Twobrothers"]
[Black "Sathvik_adiga11"]
[Result "1-0"]
[WhiteElo "1855"]
[BlackElo "1744"]
[Annotator "NA"]
[PlyCount "129"]
[EventDate "2020.09.19"]
[EventType "swiss (blitz)"]

1. e4 e5 2. Nf3 Nc6 3. Bb5 a6 4. Bxc6 Nf6 5. Ba4 b5 6. Bb3 d6 7. Nc3 Bb7 8. d3 c6 9. O-O Qd7 10. a3 Be7 11. Ne2 O-O 12. Ng3 g6 13. Bg5 Kg7 14. Qd2 Rfe8 15. Bh6+ Kg8 16. Ng5 d5 17. exd5 cxd5 18. Nf3 Bf8 19. Bxf8 Kxf8 20. Qh6+ Kg8 21. Qh4 Qc6 22. c3 e4 23. dxe4 dxe4 24. Nd4 Qd6 25. Rad1 Qe5 26. Rfe1 h5 27. Nge2 Ng4 28. Qg3 Qf6 29. h3 Ne5 30. Nf4 Rad8 31. Nxh5 Qb6 32. Nf4 Qf6 33. h4 Kh7 34. h5 g5 35. Nh3 Rg8 36. Bc2 Qh6 37. Bxe4+ Bxe4 38. Rxe4 f6 39. Rde1 Qxh5 40. Nf5 Rde8 41. Qe3 Nc4 42. Rxe8 Nxe3 43. R8xe3 Qg6 44. Ne7 Qf7 45. Nxg8 Qxg8 46. Re7+ Kg6 47. R1e3 Qd8 48. R7e6 Qd2 49. Re2 Qd1+ 50. Kh2 Qd3 51. R6e3 Qd6+ 52. g3 Qc7 53. f4 g4 54. Nf2 Kf5 55. Re8 Qc6 56. R8e3 Qf3 57. Rxf3 gxf3 58. Re4 Kg6 59. g4 Kf7 60. f5 Kg7 61. Kg3 Kh6 62. Kxf3 Kg5 63. Nh3+ Kh6 64. g5+ Kg7 65. Re6 1-0

[Event "Play for Durgesh Fundraiser Blitz"]
[Site "Vishy Anand Arena"]
[Date "2020.09.19"]
[Round "6"]
[White "RRaman"]
[Black "Dushu2930"]
[Result "0-1"]
[WhiteElo "1854"]
[BlackElo "2053"]
[Annotator "NA"]
[PlyCount "72"]
[EventDate "2020.09.19"]
[EventType "swiss (blitz)"]

1. d4 d5 2. e3 e6 3. f4 f5 4. Qh5+ g6 5. Qd1 Nf6 6. h4 Be7 7. h5 Nxh5 8. Rxh5 gxh5 9. Qxh5+ Kd7 10. Nf3 Bf6 11. c4 c6 12. cxd5 exd5 13. Nc3 Kc7 14. Bd2 Be6 15. Rc1 Nd7 16. b4 a6 17. a4 Kb8 18. b5 axb5 19. axb5 c5 20. Ne5 Bxe5 21. fxe5 f4 22. Qh6 fxe3 23. Bxe3 cxd4 24. Qxe6 dxe3 25. Nxd5 Qa5+ 26. Rc3 Rd8 27. Qd6+ Ka7 28. b6+ Nxb6 29. Qxb6+ Qxb6 30. Nxb6 Kxb6 31. Rxe3 Ra1+ 32. Kf2 Rf8+ 33. Rf3 Re8 34. Rf6+ Kc5 35. Be2 Ra2 36. Kf3 Rb2 0-1

[Event "Play for Durgesh Fundraiser Blitz"]
[Site "Vishy Anand Arena"]
[Date "2020.09.19"]
[Round "6"]
[White "AyushR"]
[Black "Nithin2107"]
[Result "0-1"]
[WhiteElo "1849"]
[BlackElo "1336"]
[Annotator "NA"]
[PlyCount "50"]
[EventDate "2020.09.19"]
[EventType "swiss (blitz)"]

1. e4 e5 2. Nf3 Nc6 3. Bc4 Bc5 4. O-O Nf6 5. d3 d6 6. Bg5 Bg4 7. h3 h6 8. Bh4 g5 9. Bg3 Bh5 10. Nc3 Nd4 11. Nd5 Nxd5 12. Bxd5 Nxf3+ 13. gxf3 c6 14. Bb3 Qf6 15. Kg2 O-O-O 16. c3 d5 17. exd5 cxd5 18. Re1 Rhe8 19. Rc1 e4 20. dxe4 dxe4 21. Qc2 Qxf3+ 22. Kg1 Qxg3+ 23. Kf1 Qxh3+ 24. Kg1 Bf3 25. Qxe4 Qh1# 0-1

[Event "Play for Durgesh Fundraiser Blitz"]
[Site "Vishy Anand Arena"]
[Date "2020.09.19"]
[Round "6"]
[White "Kushal Jani"]
[Black "Alan K thomas"]
[Result "1-0"]
[WhiteElo "1842"]
[BlackElo "1499"]
[Annotator "NA"]
[PlyCount "115"]
[EventDate "2020.09.19"]
[EventType "swiss (blitz)"]

1. Nf3 Nf6 2. b3 g6 3. Bb2 Bg7 4. e3 O-O 5. Be2 d6 6. O-O e5 7. c4 Nc6 8. d4 Re8 9. dxe5 Nxe5 10. Nxe5 dxe5 11. Qxd8 Rxd8 12. Bxe5 c6 13. Nc3 Bf5 14. Rad1 Bc2 15. Rc1 Rd2 16. Bf3 Rad8 17. h3 Bd3 18. Rfd1 Bf5 19. Rxd2 Rxd2 20. Rd1 Rxd1+ 21. Nxd1 Nd7 22. Bxg7 Kxg7 23. e4 Be6 24. Nc3 f5 25. exf5 Bxf5 26. Ne4 Nf6 27. Nd2 Bc2 28. Kf1 Kf7 29. Ke2 Ke7 30. Ke3 Ke6 31. Kd4 Kd6 32. c5+ Ke6 33. Be2 Ke7 34. Bc4 Nd7 35. Kc3 Bf5 36. g4 Be6 37. Bxe6 Kxe6 38. Kd4 Kf6 39. Ne4+ Ke7 40. b4 b6 41. cxb6 axb6 42. a4 Ke6 43. a5 bxa5 44. bxa5 Nb8 45. Nc5+ Kd6 46. g5 Kc7 47. Ne6+ Kb7 48. Nf8 Ka6 49. Nxh7 Kxa5 50. Kc5 Ka6 51. Nf8 Kb7 52. Nxg6 Na6+ 53. Kd6 Kb6 54. Ne5 c5 55. g6 Ka5 56. g7 Nb4 57. g8=Q Nd3 58. Nc4+ 1-0

[Event "Play for Durgesh Fundraiser Blitz"]
[Site "Vishy Anand Arena"]
[Date "2020.09.19"]
[Round "6"]
[White "tacticabd"]
[Black "Stany G A"]
[Result "0-1"]
[WhiteElo "1841"]
[BlackElo "2100"]
[PlyCount "56"]
[EventDate "2020.09.19"]
[EventType "swiss (blitz)"]

1. e4 c5 2. b3 Nc6 3. Bb2 Nf6 4. e5 Nd5 5. Bb5 d6 6. Nf3 Qb6 7. a4 a6 8. Bc4 e6 9. O-O Nxe5 10. Nxe5 dxe5 11. Bxe5 Bd6 12. Qh5 Nf6 13. Bxf6 gxf6 14. Nc3 Rg8 15. Ne4 Be5 16. Qxh7 Rg6 17. c3 Qc6 18. Rae1 b5 19. axb5 axb5 20. f4 bxc4 21. fxe5 Bb7 22. Rxf6 O-O-O 23. Rxf7 Rg4 24. Rxb7 Qxb7 25. Nd6+ Rxd6 26. Qxb7+ Kxb7 27. exd6 cxb3 28. d3 Rc4 0-1

[Event "Play for Durgesh Fundraiser Blitz"]
[Site "Vishy Anand Arena"]
[Date "2020.09.19"]
[Round "6"]
[White "AyushR"]
[Black "Parth11"]
[Result "1-0"]
[WhiteElo "1836"]
[BlackElo "1466"]
[Annotator "NA"]
[PlyCount "103"]
[EventDate "2020.09.19"]
[EventType "swiss (blitz)"]

1. e4 e6 2. d4 d5 3. Nc3 Nc6 4. Nf3 dxe4 5. Nxe4 Nf6 6. Bg5 Be7 7. Nc3 Nd5 8. Bxe7 Qxe7 9. Bb5 Nxc3 10. bxc3 Bd7 11. O-O O-O-O 12. Rb1 h5 13. Re1 h4 14. h3 g5 15. d5 g4 16. dxc6 Bxc6 17. Nd4 Bxb5 18. Rxb5 gxh3 19. Qf3 c6 20. Nxc6 bxc6 21. Qxc6+ Qc7 22. Qa6+ Kd7 23. Rb7 hxg2 24. Rxc7+ Kxc7 25. Qxa7+ Kd6 26. Kxg2 h3+ 27. Kh2 Rdg8 28. Rg1 Ra8 29. Qd4+ Ke7 30. Qb4+ Kd7 31. a4 Rac8 32. Rg3 Rh5 33. Rxh3 Rf5 34. Kg2 Rg8+ 35. Rg3 Rc8 36. a5 Rfc5 37. a6 Kd6 38. a7 Ra8 39. Qb7 Rcc8 40. Rd3+ Ke5 41. Rd7 f5 42. Qb5+ Kf6 43. Rb7 Rg8+ 44. Kf1 Rad8 45. Rb8 Rd5 46. Qxd5 exd5 47. Rxg8 Ke5 48. a8=Q d4 49. Re8+ Kf4 50. Qb8+ Kg4 51. Qg3+ Kh5 52. Rh8# 1-0

[Event "Play for Durgesh Fundraiser Blitz"]
[Site "Vishy Anand Arena"]
[Date "2020.09.19"]
[Round "6"]
[White "Twobrothers"]
[Black "SR1211"]
[Result "1-0"]
[WhiteElo "1834"]
[BlackElo "1921"]
[Annotator "NA"]
[PlyCount "101"]
[EventDate "2020.09.19"]
[EventType "swiss (blitz)"]

1. e4 c5 2. d4 cxd4 3. c3 dxc3 4. Nxc3 Nc6 5. Nf3 d6 6. Bc4 Nf6 7. e5 dxe5 8. Qxd8+ Nxd8 9. Nb5 Rb8 10. Nxe5 Nc6 11. Nc7+ Kd8 12. Nxf7+ Kxc7 13. Nxh8 e6 14. Nf7 Bb4+ 15. Kf1 b5 16. Bb3 Nd4 17. Bf4+ Kb7 18. Bxb8 Kxb8 19. Ne5 Ba6 20. Nd3 Bd6 21. f3 b4 22. Rd1 e5 23. Kf2 e4 24. Nc1 Bc5 25. Kg3 Nf5+ 26. Kf4 g6 27. fxe4 Be3+ 28. Kf3 Bb7 29. Bd5 Nxd5 30. exd5 Bb6 31. Rhe1 Kc7 32. Nb3 h5 33. g4 hxg4+ 34. Kxg4 Ne3+ 35. Rxe3 Bxe3 36. Kf3 Bb6 37. Ke4 Kd6 38. h4 Bc8 39. Nd4 Bxd4 40. Kxd4 Bf5 41. Re1 a5 42. a3 bxa3 43. bxa3 Bc2 44. Re6+ Kd7 45. Ra6 a4 46. Kc5 Bd3 47. Ra7+ Kc8 48. d6 Be4 49. d7+ Kd8 50. Kd6 Bf3 51. Rc7 1-0